En la vorágine (Registro nro. 137150)

Detalles MARC
000 -LEADER
campo de control de longitud fija 00661nam a2200205 i 4500
001 - NÚMERO DE CONTROL
campo de control 137150
003 - IDENTIFICADOR DE NÚMERO DE CONTROL
campo de control ES-MaACL
005 - FECHA Y HORA DE LA ÚLTIMA TRANSACCIÓN
campo de control 20230906195324.0
007 - CAMPO FIJO DE DESCRIPCIÓN FÍSICA--INFORMACIÓN GENERAL
campo de control de longitud fija t|
008 - DATOS DE LONGITUD FIJA--INFORMACIÓN GENERAL
campo de control de longitud fija 070214s1919 sp |||| | spa d
100 1# - ENTRADA PRINCIPAL--NOMBRE DE PERSONA
Nombre de persona Salaverría, José María,
Fechas asociadas al nombre 1873-1940
9 (RLIN) 101790
245 10 - MENCIÓN DEL TÍTULO
Título En la vorágine
Resto del título ; Doctrina aristocrática ; El hervor multitudinario ; Conjeturas /
Mención de responsabilidad, etc. José María Salaverría.
260 ## - PUBLICACIÓN, DISTRIBUCIÓN, ETC.
Lugar de publicación, distribución, etc. Madrid :
Nombre del editor, distribuidor, etc. Rafael Caro Raggio,
Fecha de publicación, distribución, etc. 1919.
300 ## - DESCRIPCIÓN FÍSICA
Extensión 222 p. ;
Dimensiones 19 x 12 cm.
740 02 - ENTRADA AGREGADA--TÍTULO RELACIONADO/ANALÍTICO NO CONTROLADO
Título relacionado o analítico no controlado Doctrina aristocrática.
740 32 - ENTRADA AGREGADA--TÍTULO RELACIONADO/ANALÍTICO NO CONTROLADO
Título relacionado o analítico no controlado El hervor multitudinario.
740 02 - ENTRADA AGREGADA--TÍTULO RELACIONADO/ANALÍTICO NO CONTROLADO
Título relacionado o analítico no controlado Conjeturas.
852 ## - LOCALIZACIÓN
Ubicación ES-MaACL
Número de control de estantería F-10112
Existencias
Estatus retirado Estado de pérdida Estado de daño No para préstamo Biblioteca de origen Biblioteca actual Ubicación en estantería Fecha de adquisición Fuente de adquisición Total de préstamos Signatura topográfica completa Código de barras Visto por última vez Precio de reemplazo Tipo de ítem Koha
        Biblioteca del Ateneo de Madrid Biblioteca del Ateneo de Madrid Sala Pecera Planta 2 17/01/2008     F-10112 1142727 23/02/2023 23/02/2023 Libro impreso